000 00293nam a22001337a 4500
008 170522b xxu||||| |||| 00| 0 eng d
020 _a9780195028324
041 _aeng
080 _a94(4)
100 _a16
101 _aSHH
245 _aTHE TOOLS OF EMPIRE
_cHEADRICK,D.R
942 _2udc
_cBK
999 _c13740
_d13740